Güneydoğu Anadolu Projesi Master plan çalışması : (Kayıt no. 10250)

MARC ayrıntıları
000 -BAŞLIK
Sabit Uzunluktaki Kontrol Alanı 00992nam a22002417a 4500
003 - KONTROL NUMARASI KİMLİĞİ
Kontrol Alanı KOHA_MİRAKIL
005 - EN SON İŞLEM TARİHİ ve ZAMANI
Kontrol Alanı 20260415085800.0
008 - SABİT UZUNLUKTAKİ VERİ ÖGELERİ - GENEL BİLGİ
Sabit Alan 260415b tu ||||| |||| 00| 0 tur d
040 ## - KATALOGLAMA KAYNAĞI
Özgün Kataloglama Kurumu TR-AnABB
Kataloglama Dili tur
Çeviri Kurumu TR-AnABB
041 ## - DİL KODU
Metin ya da ses kaydının dil kodu tur
082 ## - DEWEY ONU SINIFLAMA SİSTEMİ
Sınıflama Numarası 307.12561
Cutter numarası GUN 1989 C.2
110 2# - KURUM ADI
Kurum Adı T.C.
Alt Birim Başbakanlık
-- Devlet Planlama Teşkilatı
245 10 - ESER ADI BİLDİRİMİ
Başlık Güneydoğu Anadolu Projesi Master plan çalışması :
Alt Eseradı vb. Master plan nihai raporu /
Sorumluluk Bildirimi Devlet Planlama Teşkilatı
246 ## - DEĞİŞİK BAŞLIK FORMU
Başlık uygun / kısa başlık Master Plan
260 ## - YAYIN, DAĞITIM, VB.
Yayın Yeri Ankara :
Yayınevi [yayl. y.] ,
Yayın Tarihi 1989
300 ## - FİZİKSEL TANIMLAMA
Sayfa, Cilt vb. 2.c., 27 sayfa :
Diğer fiziki detaylar resim, harita, tablo ;
Boyutları 24 cm
500 ## - GENEL NOT
Genel Not 2. Cilt : Master plan
505 ## - İÇİNDEKİLER NOTU
İçindekiler Notu İçindekiler: Giriş - Kalkınma Hedefleri ve Stratejisi - Kalkınma Senaryoları - Kalkınma Çerçeveleri - Kaynak Geliştirmesi - Gelişme Alanları ve Projeler - Kurumsal Önlemler
650 04 - KONU BAŞLIĞI EK GİRİŞ - KONU TERİMİ
Konusal terim veya coğrafi ad Bölge planlama
650 04 - KONU BAŞLIĞI EK GİRİŞ - KONU TERİMİ
Konusal terim veya coğrafi ad Bölge planlama, Türkiye
900 ## - YEREL BİLGİ
Kontrol Can ÇELIK
942 ## - EK GİRİŞ ÖGELERİ (KOHA)
Sınıflama Kaynağı Dewey Decimal Classification
Materyal Türü Kitap
110 2# - KURUM ADI
-- 3454
Mevcut
Geri Çekilme Durumu Kayıp Durumu Sınıflandırma Kaynağı Kredi için değil Kalıcı Konum Mevcut Konum Kayıt Tarih Toplam Ödünçverme Yer Numarası Demirbaş Numarası Son Görülme Tarihi Fatura Tarihi Materyal Türü
    Dewey Decimal Classification   Prof. Dr. Ruşen Keleş Kütüphanesi Prof. Dr. Ruşen Keleş Kütüphanesi 15/04/2026   307.12561 GUN 1989 C.2 RK7091 15/04/2026 15/04/2026 Kitap